[Event "Online Olym Top DivD 2020"]
[Site "chess.com INT"]
[Date "2020.08.22"]
[Round "5.1"]
[Board "6"]
[White "Hernandez Gil, Ineymig"]
[Black "Wang, Annie"]
[Result "0-1"]
[WhiteTitle "WFM"]
[BlackTitle "IM"]
[WhiteElo "2348"]
[BlackElo "2384"]
[WhiteTeam "Cuba"]
[BlackTeam "United States of America"]
[WhiteFideId "3526216"]
[BlackFideId "2053900"]
[EventDate "2020.08.21"]
[EventType "team"]

1. e4 c5 2. Nf3 d6 3. d4 cxd4 4. Nxd4 Nf6 5. Nc3 Nc6 6. Bg5 e6 7. Qd2 a6 8.
O-O-O Bd7 9. f3 Nxd4 10. Qxd4 Be7 11. Kb1 b5 12. g4 O-O 13. Be3 Bc6 14. g5 Nd7
15. Qd2 b4 16. Ne2 d5 17. Nd4 Bb7 18. exd5 Bxd5 19. Be2 Qa5 20. Nb3 Qc7 21. h4
a5 22. h5 a4 23. Nd4 b3 24. cxb3 axb3 25. a3 Bxa3 26. bxa3 Rxa3 27. Nb5 Qc2+ 28.
Qxc2 bxc2+ 29. Kxc2 Ra2+ 30. Kd3 Ne5+ 31. Kd4 Rxe2 32. Nc3 Nxf3+ 33. Kd3 Bc4+
34. Kxc4 Rxe3 35. Nb5 Rc8+ 36. Kb4 Nxg5 37. Rd7 h6 38. Rf1 Rb8 39. Kc4 Re4+ 40.
Rd4 Rd8 41. Rxe4 Nxe4 42. Rf4 Nf6 43. Rh4 Rd5 44. Nc3 Rxh5 45. Rd4 Nd5 46. Ne2
Re5 47. Ng3 h5 48. Kd3 Re3+ 0-1

[Event "Online Olym Top DivD 2020"]
[Site "chess.com INT"]
[Date "2020.08.22"]
[Round "5.2"]
[Board "1"]
[White "Pichot, Alan"]
[Black "Supi, Luis Paulo"]
[Result "0-1"]
[WhiteTitle "GM"]
[BlackTitle "GM"]
[WhiteElo "2630"]
[BlackElo "2572"]
[WhiteTeam "Argentina"]
[BlackTeam "Brazil"]
[WhiteFideId "110973"]
[BlackFideId "2106388"]
[EventDate "2020.08.21"]
[EventType "team"]

1. e4 c5 2. Nf3 d6 3. d4 cxd4 4. Qxd4 a6 5. Be2 Nf6 6. O-O e6 7. c4 Qc7 8. Nc3
Nbd7 9. b3 b6 10. Bb2 Bb7 11. Rac1 Be7 12. Qe3 O-O 13. Bd3 Rfe8 14. Nd4 Bf8 15.
Kh1 g6 16. f4 Bg7 17. Nf3 Rad8 18. Bb1 Qc5 19. Qe1 Qh5 20. Rd1 Bf8 21. Qg3 Qg4
22. Qxg4 Nxg4 23. Rd2 Bh6 24. Ne2 Nc5 25. Bd4 e5 26. h3 exd4 27. hxg4 d3 28.
Bxd3 Nxd3 29. Rxd3 Rxe4 30. g5 Bg7 31. Rd2 h6 32. Kg1 Rde8 33. Kf2 R4e7 34. gxh6
Bxh6 35. Rh1 Bg7 36. Rhd1 d5 37. cxd5 Bxd5 38. Rxd5 Rxe2+ 39. Kg3 Rxa2 40. Rd8
Kf8 41. R1d6 b5 42. Ng5 Rxd8 43. Rxd8+ Ke7 44. Ra8 Ra3 45. Ra7+ Ke8 46. Nxf7
Rxb3+ 47. Kg4 Bf6 48. Nd6+ Kd8 49. Rxa6 b4 50. Ne4 Be7 51. Rxg6 Re3 52. Kf5 b3
53. Rg8+ Kc7 54. Rh8 Re1 55. Nd2 b2 56. Rh7 Kd7 57. Rh3 Rd1 58. Rd3+ Ke8 59. Rb3
Rxd2 60. g4 Ba3 61. g5 Rd1 0-1

[Event "Online Olym Top DivD 2020"]
[Site "chess.com INT"]
[Date "2020.08.22"]
[Round "5.2"]
[Board "3"]
[White "Besso, Guadalupe"]
[Black "Terao, Juliana Sayumi"]
[Result "1/2-1/2"]
[WhiteTitle "WIM"]
[BlackTitle "FM"]
[WhiteElo "2111"]
[BlackElo "2252"]
[WhiteTeam "Argentina"]
[BlackTeam "Brazil"]
[WhiteFideId "123161"]
[BlackFideId "2109220"]
[EventDate "2020.08.21"]
[EventType "team"]

1. d4 Nf6 2. c4 e6 3. Nc3 Bb4 4. Nf3 b6 5. e3 O-O 6. Bd3 Bb7 7. O-O d5 8. a3
Bxc3 9. bxc3 dxc4 10. Bxc4 c5 11. Qe2 Nbd7 12. Bb2 Qc7 13. Bd3 e5 14. Nxe5 Nxe5
15. dxe5 Qxe5 16. c4 Qe6 17. f3 Rad8 18. e4 Rfe8 19. Rad1 Nd7 20. e5 f6 21. f4
f5 22. Rd2 Nf8 23. Rfd1 Rd7 24. Bc2 Red8 25. Rxd7 Rxd7 26. Rxd7 Qxd7 27. h3 g6
28. e6 Qxe6 29. Qd3 Qc6 30. Qe2 Ne6 31. Be5 Kf7 32. Bd3 a6 33. Qf2 Nd4 34. Bf1
Qe4 35. Qh4 Ne2+ 36. Kh2 Ke8 37. Qf6 Nxf4 38. Qh8+ Kd7 39. Qxh7+ Ke6 40. Bxf4
Qxf4+ 41. Kg1 Qd4+ 42. Kh1 Be4 43. Qxg6+ Ke5 44. Qg3+ Ke6 45. Qg6+ Ke5 46. Qg3+
Ke6 47. Qg6+ 1/2-1/2

[Event "Online Olym Top DivD 2020"]
[Site "chess.com INT"]
[Date "2020.08.22"]
[Round "5.3"]
[Board "2"]
[White "Lodici, Lorenzo"]
[Black "Wojtaszek, Radoslaw"]
[Result "1/2-1/2"]
[WhiteTitle "IM"]
[BlackTitle "GM"]
[WhiteElo "2489"]
[BlackElo "2717"]
[WhiteTeam "Italy"]
[BlackTeam "Poland"]
[WhiteFideId "884189"]
[BlackFideId "1118358"]
[EventDate "2020.08.21"]
[EventType "team"]

1. d4 Nf6 2. c4 e6 3. Nc3 Bb4 4. f3 c5 5. d5 d6 6. e4 b5 7. Bd2 a6 8. a4 bxc4 9.
Bxc4 O-O 10. Nge2 e5 11. g4 Nbd7 12. Ng3 Nb6 13. b3 Nxc4 14. bxc4 Nd7 15. h4 Qa5
16. Qc2 Nb6 17. Qd3 Bd7 18. Nf5 Bxf5 19. exf5 Rab8 20. Ke2 Nd7 21. Rhb1 Nf6 22.
Rb3 Rfe8 23. Rab1 e4 24. Nxe4 Qxa4 25. Bf4 Qd7 26. Kf2 Nxe4+ 27. fxe4 a5 28. Kf3
a4 29. R3b2 Ra8 30. Ra2 a3 31. Rba1 Ra4 32. Bc1 Rea8 33. Bf4 1/2-1/2

[Event "Online Olym Top DivD 2020"]
[Site "chess.com INT"]
[Date "2020.08.22"]
[Round "5.3"]
[Board "3"]
[White "Zawadzka, Jolanta"]
[Black "Zimina, Olga"]
[Result "0-1"]
[WhiteTitle "WGM"]
[BlackTitle "IM"]
[WhiteElo "2419"]
[BlackElo "2378"]
[WhiteTeam "Poland"]
[BlackTeam "Italy"]
[WhiteFideId "1122320"]
[BlackFideId "4132190"]
[EventDate "2020.08.21"]
[EventType "team"]

1. e4 c6 2. d4 d5 3. Nd2 dxe4 4. Nxe4 Bf5 5. Ng3 Bg6 6. h4 h6 7. Bd3 Bxd3 8.
Qxd3 Nf6 9. N1e2 e6 10. Bd2 c5 11. Ne4 Nc6 12. Nxc5 Bxc5 13. dxc5 Qxd3 14. cxd3
O-O-O 15. Rh3 Rd5 16. b4 Rhd8 17. b5 Ne7 18. d4 Nf5 19. Be3 e5 20. dxe5 Rxe5 21.
Rc1 Nd5 22. Ng1 Nf4 23. Rc3 Nxh3 24. Nxh3 Nxe3 25. fxe3 Rdd5 26. c6 Rxb5 27.
cxb7+ Kxb7 28. Nf4 Rb1+ 29. Kf2 Rb2+ 30. Kf3 Rxa2 31. Nd3 Rf5+ 32. Ke4 Raa5 33.
g4 Rfb5 34. Kf4 Ra4+ 35. e4 g5+ 36. hxg5 hxg5+ 37. Ke3 Kb6 38. Rc8 Ra3 39. Kd4
Rbb3 40. Ne5 Ra4+ 41. Nc4+ Kb7 42. Rf8 Rbb4 43. Rxf7+ Kc8 44. Rf8+ Kd7 45. Rf7+
Ke6 46. Rc7 Rxc4+ 47. Rxc4 Rxc4+ 48. Kxc4 Ke5 49. Kd3 a5 50. Kc4 Kxe4 51. Kb5
Kf4 52. Kxa5 Kxg4 53. Kb4 Kf3 0-1

[Event "Online Olym Top DivD 2020"]
[Site "chess.com INT"]
[Date "2020.08.22"]
[Round "5.3"]
[Board "5"]
[White "Janik, Igor"]
[Black "Moroni, Luca Jr"]
[Result "0-1"]
[WhiteTitle "IM"]
[BlackTitle "GM"]
[WhiteElo "2471"]
[BlackElo "2530"]
[WhiteTeam "Poland"]
[BlackTeam "Italy"]
[WhiteFideId "1159259"]
[BlackFideId "865834"]
[EventDate "2020.08.21"]
[EventType "team"]

1. d4 d5 2. c4 e6 3. Nf3 a6 4. cxd5 exd5 5. Nc3 c6 6. Bf4 Bd6 7. Be5 Nf6 8. e3
Qe7 9. Qb3 O-O 10. Bd3 Nbd7 11. Bxd6 Qxd6 12. O-O Re8 13. Rac1 Rb8 14. Na4 Nf8
15. Nc5 Ne6 16. Qc2 Nxc5 17. dxc5 Qc7 18. h3 Bd7 19. Nd4 Re5 20. Rce1 Rbe8 21.
Qd2 Bc8 22. b4 Qe7 23. a4 Ne4 24. Bxe4 Rxe4 25. Qd1 Bd7 26. Qf3 f5 27. g3 g5 28.
Kh2 Kh8 29. Rd1 Rf8 30. Qh5 f4 31. exf4 gxf4 32. g4 f3 33. Rd3 Qf6 34. Nxf3 Rf4
35. Nh4 Be8 36. g5 Rxf2+ 37. Ng2 Rxg2+ 0-1

[Event "Online Olym Top DivD 2020"]
[Site "chess.com INT"]
[Date "2020.08.22"]
[Round "5.3"]
[Board "6"]
[White "Grimaldi, Angela Flavia"]
[Black "Sliwicka, Alicja"]
[Result "0-1"]
[BlackTitle "WIM"]
[WhiteElo "2070"]
[BlackElo "2317"]
[WhiteTeam "Italy"]
[BlackTeam "Poland"]
[WhiteFideId "2805214"]
[BlackFideId "1150677"]
[EventDate "2020.08.21"]
[EventType "team"]

1. e4 e5 2. Nf3 Nc6 3. Bc4 Nf6 4. d3 h6 5. c3 d6 6. Nbd2 g6 7. h3 Bg7 8. O-O O-O
9. Re1 Qe7 10. Nf1 Nh5 11. d4 Bd7 12. Ne3 Rae8 13. Nd5 Qd8 14. Bb3 Ne7 15. dxe5
dxe5 16. Be3 Nxd5 17. Bxd5 b6 18. Qd2 Kh7 19. Rad1 Nf6 20. Bb3 Qe7 21. Qc2 Bc6
22. Bc1 Rd8 23. Rxd8 Rxd8 24. Ba4 Bb7 25. Nd2 Ba6 26. c4 Rd4 27. b3 Nh5 28. Nf3
Rd8 29. Rd1 Bb7 30. Rxd8 Qxd8 31. Bb2 Qd6 32. a3 a5 33. Kf1 Nf4 34. Kg1 Ne6 35.
Nd2 Nc5 36. Bb5 c6 37. Ba4 Ba6 38. Nf3 b5 39. cxb5 cxb5 40. Bxb5 Bxb5 41. b4
axb4 42. axb4 Nd3 43. Qd2 Qc6 44. Bc3 Qxe4 45. Qc2 Qc6 46. Qd2 Qc4 0-1

[Event "Online Olym Top DivD 2020"]
[Site "chess.com INT"]
[Date "2020.08.22"]
[Round "5.4"]
[Board "2"]
[White "Vazquez, Guillermo"]
[Black "Cruz, Cristhian"]
[Result "1/2-1/2"]
[WhiteTitle "IM"]
[BlackTitle "GM"]
[WhiteElo "2527"]
[BlackElo "2568"]
[WhiteTeam "Paraguay"]
[BlackTeam "Peru"]
[WhiteFideId "3702308"]
[BlackFideId "3801969"]
[EventDate "2020.08.21"]
[EventType "team"]

1. e4 c5 2. Nf3 d6 3. d4 Nf6 4. dxc5 Nxe4 5. cxd6 Nc6 6. dxe7 Qxd1+ 7. Kxd1 Bxe7
8. Be3 Bg4 9. Nd2 O-O-O 10. Kc1 Nxd2 11. Nxd2 Bf5 12. Be2 Nb4 13. Bd1 Kb8 14.
Nf3 Bf6 15. a3 Rxd1+ 16. Kxd1 Bxb2 17. Bf4+ Ka8 18. axb4 Bxa1 19. Be5 Rd8+ 20.
Kc1 Bxe5 21. Nxe5 Rc8 22. Kd2 Rxc2+ 23. Ke3 f6 24. Nf3 Rb2 25. Rd1 a6 26. Rd4
Ka7 27. Nd2 Bg6 28. g4 Ra2 29. h4 Ra3+ 30. Ke2 Be8 31. Ne4 Bb5+ 32. Kd2 Ra2+ 33.
Ke3 Ra3+ 34. Kd2 Rh3 35. h5 Bc6 36. Nd6 g6 37. hxg6 hxg6 38. Nc8+ Kb8 39. Ne7 f5
40. Nxg6 fxg4 41. Rxg4 Rf3 42. Rf4 Rxf4 43. Nxf4 1/2-1/2

[Event "Online Olym Top DivD 2020"]
[Site "chess.com INT"]
[Date "2020.08.22"]
[Round "5.4"]
[Board "5"]
[White "Quirhuayo Chumbe, German Gonzalo"]
[Black "Heinechen, Juan"]
[Result "1/2-1/2"]
[WhiteTitle "FM"]
[WhiteElo "2296"]
[BlackElo "2146"]
[WhiteTeam "Peru"]
[BlackTeam "Paraguay"]
[WhiteFideId "3813509"]
[BlackFideId "3701018"]
[EventDate "2020.08.21"]
[EventType "team"]

1. e4 c5 2. Nf3 Nc6 3. d4 cxd4 4. Nxd4 g6 5. c4 Nf6 6. Nc3 d6 7. Be2 Bg7 8. Nc2
O-O 9. O-O Nd7 10. Be3 Nc5 11. f3 a5 12. Rb1 a4 13. Nd5 Be6 14. Nf4 Qb6 15. Kh1
Rfc8 16. Qe1 Qa5 17. Bd2 Qa6 18. Nd5 Kf8 19. Qh4 h5 20. Ncb4 Qa7 21. Nf4 a3 22.
Nxc6 Rxc6 23. b4 Nd7 24. Nxe6+ fxe6 25. Bg5 Nf6 26. e5 dxe5 27. Bd3 Qd4 28. Be4
Rxc4 29. Rbd1 Qb2 30. Qh3 Kf7 31. Bd3 Rd4 32. Qg3 Nd5 33. Bxg6+ Kf8 34. Qh3 Rxd1
35. Rxd1 Qe2 36. Rg1 Ra6 37. Qxh5 Nf6 38. Bxf6 exf6 39. Be8 Kg8 40. Qf7+ Kh7 41.
Qxb7 Rd6 42. Bb5 Qxa2 43. Bd3+ f5 44. Bb1 Qb2 45. Qf7 a2 46. Qh5+ Kg8 47. Qe8+
Kh7 48. Qh5+ Kg8 49. Bxa2 Qxa2 50. Qe8+ Kh7 51. Qh5+ Kg8 52. Qe8+ 1/2-1/2

[Event "Online Olym Top DivD 2020"]
[Site "chess.com INT"]
[Date "2020.08.22"]
[Round "5.4"]
[Board "6"]
[White "Oviedo Acosta, Paula"]
[Black "Garcia Andrada, Heidy Nicole"]
[Result "0-1"]
[BlackTitle "WFM"]
[WhiteElo "1659"]
[BlackElo "1912"]
[WhiteTeam "Paraguay"]
[BlackTeam "Peru"]
[WhiteFideId "3704394"]
[BlackFideId "3831779"]
[EventDate "2020.08.21"]
[EventType "team"]

1. e4 c5 2. Nf3 e6 3. d4 cxd4 4. Nxd4 Nc6 5. Nb5 Nf6 6. N1c3 Bb4 7. f3 a6 8.
Nd6+ Ke7 9. Nc4 d5 10. Nd2 Re8 11. Bd3 Qb6 12. Qe2 Kf8 13. a3 Bd6 14. Nb3 Qc7
15. Bg5 Bxh2 16. Bxf6 Qg3+ 17. Qf2 gxf6 18. Ne2 Qxf2+ 19. Kxf2 Be5 20. c3 dxe4
21. Bxe4 f5 22. Bxc6 bxc6 23. Rxh7 Rb8 24. Na5 Rxb2 25. Nxc6 Bxc3 26. Rc1 Bg7
27. Rch1 Bd7 28. Nb4 Bb5 29. Re1 Bc3 30. Rhh1 Bxe1+ 31. Rxe1 a5 32. Nd3 Bxd3 33.
Ke3 Rxe2+ 34. Rxe2 Bxe2 35. Kxe2 Rb8 0-1

[Event "Online Olym Top DivD 2020"]
[Site "chess.com INT"]
[Date "2020.08.22"]
[Round "5.5"]
[Board "3"]
[White "Burtasova, Anna"]
[Black "Tsolakidou, Stavroula"]
[Result "0-1"]
[WhiteTitle "WGM"]
[BlackTitle "IM"]
[WhiteElo "2261"]
[BlackElo "2391"]
[WhiteTeam "Canada"]
[BlackTeam "Greece"]
[WhiteFideId "4150740"]
[BlackFideId "4264312"]
[EventDate "2020.08.21"]
[EventType "team"]

1. e4 c5 2. c3 d5 3. exd5 Qxd5 4. d4 Nf6 5. Nf3 e6 6. Na3 a6 7. Nc4 Nbd7 8. Ne3
Qc6 9. Bd3 b6 10. O-O Bb7 11. Ne5 Qc7 12. Nxd7 Nxd7 13. Re1 cxd4 14. cxd4 Bb4
15. Bd2 Bxd2 16. Qxd2 O-O 17. Rac1 Qf4 18. Qc2 Rac8 19. Qa4 Nf6 20. Qb4 Rxc1 21.
Rxc1 Nd5 22. Qd2 g6 23. Bf1 Rd8 24. Rd1 Qe4 25. Nc4 b5 26. Ne5 f6 27. Nf3 Nf4
28. Qe3 Qf5 29. Re1 Bd5 30. b3 Rc8 31. Nh4 Qg4 32. g3 Nh3+ 33. Bxh3 Qxh3 34. Qd3
g5 35. Nf3 b4 36. Qxa6 Bxf3 37. Qxc8+ Kg7 38. Qb7+ Bxb7 0-1

[Event "Online Olym Top DivD 2020"]
[Site "chess.com INT"]
[Date "2020.08.22"]
[Round "5.5"]
[Board "4"]
[White "Markantonaki, Haritomeni"]
[Black "Zhou, Qiyu"]
[Result "0-1"]
[WhiteTitle "WFM"]
[BlackTitle "FM"]
[WhiteElo "2185"]
[BlackElo "2229"]
[WhiteTeam "Greece"]
[BlackTeam "Canada"]
[WhiteFideId "4207050"]
[BlackFideId "505161"]
[EventDate "2020.08.21"]
[EventType "team"]

1. e4 e5 2. Nf3 Nc6 3. Bb5 a6 4. Ba4 Nf6 5. O-O Be7 6. Re1 b5 7. Bb3 d6 8. c3
O-O 9. d4 Bg4 10. d5 Na5 11. Bc2 c6 12. h3 Bc8 13. dxc6 Nxc6 14. Nbd2 g6 15. Nf1
Re8 16. Ng3 Bf8 17. a4 Rb8 18. axb5 axb5 19. Bb3 h6 20. Be3 Be6 21. Ra6 Qc8 22.
Ra2 Kh7 23. Bxe6 Qxe6 24. Qa1 Qc8 25. Rd1 Ra8 26. Ne1 Qb7 27. Rxa8 Rxa8 28. Qc1
Na5 29. f3 Nb3 30. Qc2 Nc5 31. Nd3 Nxd3 32. Qxd3 b4 33. c4 b3 34. Ne2 Nd7 35.
Nc3 Qb4 36. Nd5 Qa4 37. Rc1 Qa2 38. Qc3 Rc8 39. Kh2 Nc5 40. Bxc5 Rxc5 41. Rd1
Qa6 42. Ne3 Qa4 43. Rd3 h5 44. Rd5 Bh6 45. Rxc5 dxc5 46. Nd5 Bg7 47. h4 Qa2 48.
Nb6 f6 49. Nd5 Bh8 50. Qd2 Bg7 51. Qc3 Bh8 52. Nc7 Bg7 53. Ne6 Bh6 54. Nxc5 Bf4+
55. g3 Bh6 56. Qxb3 Qb1 57. Qc3 Qf1 58. Qc2 Be3 59. Nd3 Bg1+ 60. Kh1 Bf2+ 61.
Kh2 Qg1+ 62. Kh3 Qxg3# 0-1

[Event "Online Olym Top DivD 2020"]
[Site "chess.com INT"]
[Date "2020.08.22"]
[Round "5.5"]
[Board "5"]
[White "Hua, Eugene"]
[Black "Theodorou, Nikolas"]
[Result "0-1"]
[WhiteTitle "FM"]
[BlackTitle "IM"]
[WhiteElo "2336"]
[BlackElo "2554"]
[WhiteTeam "Canada"]
[BlackTeam "Greece"]
[WhiteFideId "2618150"]
[BlackFideId "4262875"]
[EventDate "2020.08.21"]
[EventType "team"]

1. c4 Nf6 2. g3 g6 3. Bg2 Bg7 4. Nc3 O-O 5. e4 d6 6. Nge2 c5 7. O-O Nc6 8. d3 a6
9. h3 Rb8 10. a4 Bd7 11. Be3 Ne8 12. d4 b6 13. Kh2 Nc7 14. Rb1 Na5 15. b3 e5 16.
dxe5 dxe5 17. Nd5 Nxd5 18. cxd5 c4 19. b4 Nb3 20. Nc3 f5 21. exf5 gxf5 22. f4
exf4 23. Rxf4 Rc8 24. Qc2 Qe7 25. Bd2 Qxb4 26. Ne4 Qxa4 27. Nd6 Nxd2 28. Qxd2
Rc5 29. Rb4 c3 30. Qe1 Qa3 31. Qe7 c2 32. Qxd7 c1=Q 33. Qe6+ Kh8 34. Rxb6 Qae3
35. Nf7+ Rxf7 36. Rb8+ Bf8 0-1

[Event "Online Olym Top DivD 2020"]
[Site "chess.com INT"]
[Date "2020.08.22"]
[Round "6.1"]
[Board "2"]
[White "Halkias, Stelios"]
[Black "Almeida Quintana, Omar"]
[Result "1/2-1/2"]
[WhiteTitle "GM"]
[BlackTitle "GM"]
[WhiteElo "2563"]
[BlackElo "2535"]
[WhiteTeam "Greece"]
[BlackTeam "Cuba"]
[WhiteFideId "4201809"]
[BlackFideId "3503313"]
[EventDate "2020.08.21"]
[EventType "team"]

1. Nf3 g6 2. d4 Bg7 3. g3 d6 4. Bg2 Nf6 5. O-O O-O 6. c4 c6 7. Nc3 Qa5 8. e4 e5
9. d5 cxd5 10. cxd5 b5 11. Re1 Nbd7 12. a4 b4 13. Nb5 Qb6 14. Be3 Qb8 15. Rc1
Ng4 16. Rc6 Nxe3 17. Rxe3 Bb7 18. Nxd6 Bxc6 19. dxc6 Nc5 20. Qd5 Nxa4 21. Nxf7
Rxf7 22. Ng5 Qe8 23. Rf3 Nb6 24. Qxf7+ Qxf7 25. Nxf7 Rc8 26. Bh3 Rxc6 27. Nd8
Rc1+ 28. Kg2 h6 29. Be6+ Kh8 30. Rf7 Rd1 31. Nc6 Rd6 32. Bd5 Nxd5 33. exd5 Rxd5
34. Nxb4 Rb5 35. Nc6 e4 36. b4 a6 37. h4 h5 38. Ne7 Kh7 39. Nc6 Rb6 40. Rc7 Kh8
41. Rc8+ Kh7 42. Rc7 Kh8 43. Rc8+ Kh7 44. Rc7 1/2-1/2

[Event "Online Olym Top DivD 2020"]
[Site "chess.com INT"]
[Date "2020.08.22"]
[Round "6.1"]
[Board "3"]
[White "Ordaz Valdes, Lisandra Teresa"]
[Black "Tsolakidou, Stavroula"]
[Result "0-1"]
[WhiteTitle "IM"]
[BlackTitle "IM"]
[WhiteElo "2369"]
[BlackElo "2391"]
[WhiteTeam "Cuba"]
[BlackTeam "Greece"]
[WhiteFideId "3506940"]
[BlackFideId "4264312"]
[EventDate "2020.08.21"]
[EventType "team"]

1. d4 Nf6 2. c4 e6 3. Nf3 d5 4. Nc3 dxc4 5. e3 a6 6. a4 c5 7. Bxc4 Nc6 8. O-O
cxd4 9. exd4 Nb4 10. Bg5 Be7 11. Qe2 O-O 12. Rad1 Bd7 13. Ne5 Be8 14. Bb3 Qc7
15. Rc1 Qb6 16. Rfd1 Rd8 17. Nc4 Qc7 18. Bh4 b5 19. axb5 axb5 20. Bg3 Qb7 21.
Ne5 Nfd5 22. Nxd5 Nxd5 23. Bc2 f5 24. f4 Qb6 25. Bb3 h6 26. Kh1 Bf6 27. Rc5 Rd6
28. Bxd5 Rxd5 29. Rxd5 exd5 30. Qd3 Be7 31. Rc1 b4 32. Bf2 Bb5 33. Qf3 Qe6 34.
Re1 Bd8 35. Nd3 Qd6 36. Nc5 Bf6 37. Re6 Qd8 38. h3 Re8 39. Qe3 Kf7 40. g4 fxg4
41. hxg4 Bd7 42. Rxe8 Qxe8 43. Qxe8+ Bxe8 44. Nd3 Bd7 45. g5 hxg5 46. fxg5 Bxg5
47. Nxb4 Bf5 48. Kg1 Be4 49. Nc6 Ke6 50. Ne5 Bd2 51. Kf1 g5 52. Ke2 Bb4 53. Bg3
Bd6 54. Ke3 Kf5 55. Kf2 Bc7 56. Ke3 g4 57. Bh2 Bd8 58. b4 Bh4 59. b5 g3 60. Bg1
Bd8 61. Nc6 Bc7 62. Ne7+ Ke6 63. Nc6 Kd6 64. Nb4 Ba5 65. Nc6 Be1 66. Ne5 Kc7 67.
Nf7 Kb6 68. Ng5 Bg2 69. Ke2 Bc3 70. Kd3 Bb4 71. Ne6 Bd6 72. Ke2 Kxb5 73. Be3 Kc4
74. Ng7 Be4 75. Nh5 g2 76. Bg1 Be7 77. Nf4 Bf6 78. Ne6 Bf5 79. Nf4 Be4 80. Ne6
Bh8 81. Bf2 Bf5 82. Nf4 Bg4+ 83. Ke1 Bf3 84. Ne6 Kd3 85. Nc5+ Kc2 86. Ne6 Bf6
87. Nf4 Bh4 88. Nxg2 Bxf2+ 89. Kxf2 Bxg2 90. Kxg2 Kd3 91. Kf2 Kxd4 92. Ke2 Kc3
93. Kd1 Kd3 94. Kc1 Ke2 95. Kc2 d4 0-1

[Event "Online Olym Top DivD 2020"]
[Site "chess.com INT"]
[Date "2020.08.22"]
[Round "6.1"]
[Board "4"]
[White "Markantonaki, Haritomeni"]
[Black "Miranda Llanes, Yerisbel"]
[Result "0-1"]
[WhiteTitle "WFM"]
[BlackTitle "WIM"]
[WhiteElo "2185"]
[BlackElo "2262"]
[WhiteTeam "Greece"]
[BlackTeam "Cuba"]
[WhiteFideId "4207050"]
[BlackFideId "3507700"]
[EventDate "2020.08.21"]
[EventType "team"]

1. e4 e5 2. Nf3 Nc6 3. Bb5 a6 4. Ba4 Nf6 5. O-O b5 6. Bb3 Bc5 7. c3 d6 8. Re1
O-O 9. d3 h6 10. Nbd2 Bb6 11. Nf1 Ne7 12. Ng3 Ng6 13. Be3 Bxe3 14. fxe3 c6 15.
h3 Re8 16. Rf1 d5 17. Qe2 dxe4 18. Nxe4 Nxe4 19. dxe4 Be6 20. Rad1 Qe7 21. Qf2
Bxb3 22. axb3 a5 23. c4 Rad8 24. Rxd8 Rxd8 25. h4 Rd3 26. h5 Nh8 27. cxb5 cxb5
28. Qc2 Rd8 29. Qc3 b4 30. Qxe5 Qxe5 31. Nxe5 Re8 32. Nc4 Rxe4 33. Ra1 f6 34.
Rxa5 Nf7 35. Ra8+ Kh7 36. Kf2 Ne5 37. Nd6 Rh4 38. Ra7 Rxh5 39. Ne8 Ng4+ 40. Kf3
Rg5 41. Rb7 Kg8 42. Rxb4 Ne5+ 43. Ke2 Rxg2+ 44. Kf1 Rxb2 45. Rb8 Kf7 46. Nd6+
Ke6 47. Ne8 Kf7 48. Nd6+ Kg6 49. Rb7 h5 50. e4 h4 51. Nf5 Rb1+ 52. Kg2 Kg5 53.
Rxg7+ Kf4 54. Nxh4 Kxe4 55. Rb7 Nd3 56. Re7+ Kf4 57. Ng6+ Kg5 58. Nf8 Rxb3 59.
Ne6+ Kg6 0-1

[Event "Online Olym Top DivD 2020"]
[Site "chess.com INT"]
[Date "2020.08.22"]
[Round "6.1"]
[Board "5"]
[White "Albornoz Cabrera, Carlos Daniel"]
[Black "Theodorou, Nikolas"]
[Result "0-1"]
[WhiteTitle "GM"]
[BlackTitle "IM"]
[WhiteElo "2573"]
[BlackElo "2554"]
[WhiteTeam "Cuba"]
[BlackTeam "Greece"]
[WhiteFideId "3518736"]
[BlackFideId "4262875"]
[EventDate "2020.08.21"]
[EventType "team"]

1. Nf3 Nf6 2. c4 g6 3. Nc3 Bg7 4. e4 d6 5. d4 O-O 6. Be2 e5 7. O-O Na6 8. Be3
Qe7 9. dxe5 dxe5 10. Nd5 Qd8 11. Qc2 Ng4 12. Bg5 f6 13. Bd2 c6 14. Nc3 Qe7 15.
h3 Nh6 16. a3 Be6 17. b4 Rad8 18. Be3 Ra8 19. Na4 Rfc8 20. Qd2 Nf7 21. b5 cxb5
22. cxb5 Nb8 23. Rac1 Nd7 24. Qb4 Bf8 25. Bd2 Qxb4 26. Bxb4 Nd6 27. Nd2 Rxc1 28.
Rxc1 Rc8 29. Rxc8 Nxc8 30. Bc4 Kf7 31. Bxe6+ Kxe6 32. Bxf8 Nxf8 33. Nc5+ Kd6 34.
Ndb3 Kc7 35. a4 Nd6 36. Kf1 b6 37. Na6+ Kb7 38. f3 Nc4 39. Ke2 Nb2 40. a5 bxa5
41. Nxa5+ Kb6 42. Nb3 Nd7 43. Kd2 Kxb5 44. Nc7+ Kc6 45. Nd5 Na4 46. g4 Nac5 47.
Kc3 Nxb3 48. Kxb3 Kc5 49. Kc3 g5 50. Nc7 a5 51. Nd5 a4 52. Nb4 Nb6 53. Nd3+ Kb5
54. Nb4 h6 55. Nc2 Kc5 56. Na3 Nc8 57. Nc4 Na7 58. Ne3 Nb5+ 59. Kb2 Nd4 60. Nd5
Nxf3 61. Nxf6 Ng1 62. Ng8 Nxh3 63. Nxh6 Kd4 64. Ka3 Kxe4 65. Kxa4 Kd3 66. Kb3 e4
67. Nf7 e3 68. Ne5+ Ke4 0-1

[Event "Online Olym Top DivD 2020"]
[Site "chess.com INT"]
[Date "2020.08.22"]
[Round "6.2"]
[Board "3"]
[White "Perez Rodriguez, Jennifer"]
[Black "Burtasova, Anna"]
[Result "1/2-1/2"]
[WhiteTitle "WIM"]
[BlackTitle "WGM"]
[WhiteElo "2251"]
[BlackElo "2261"]
[WhiteTeam "Paraguay"]
[BlackTeam "Canada"]
[WhiteFideId "3507831"]
[BlackFideId "4150740"]
[EventDate "2020.08.21"]
[EventType "team"]

1. e4 c5 2. c3 d5 3. exd5 Qxd5 4. d4 Nf6 5. Nf3 Bg4 6. Nbd2 Nc6 7. Bc4 Bxf3 8.
Qb3 Na5 9. Qa4+ Qd7 10. Qxa5 Bxg2 11. Rg1 b6 12. Qa3 Bd5 13. dxc5 e6 14. Bxd5
Nxd5 15. Ne4 bxc5 16. Nxc5 Qc6 17. Qa4 Rc8 18. Qxc6+ Rxc6 19. Nd3 g6 20. Bd2 Bg7
21. Rg4 O-O 22. Ra4 Rc7 23. Nb4 Nb6 24. Ra6 Nc4 25. O-O-O Nxd2 26. Kxd2 Be5 27.
h3 Rd8+ 28. Kc2 Rxd1 29. Kxd1 Rd7+ 30. Kc2 Bf4 31. Nd3 Bb8 32. Rc6 Kg7 33. b4 h5
34. a4 g5 35. a5 g4 36. hxg4 h4 37. Ne1 h3 38. Nf3 h2 39. Nxh2 Bxh2 40. b5 Bg1
41. c4 Bxf2 42. c5 Rb7 43. b6 axb6 44. cxb6 Kf6 45. Kb3 Rb8 46. Kc4 Kg5 47. Kb5
Kxg4 48. a6 Bxb6 49. Rxb6 Ra8 50. Rb7 f5 51. Re7 f4 52. Rxe6 f3 53. Rf6 Kg3 54.
Rg6+ Kh2 55. Rf6 Kg2 56. Kb6 f2 57. Kb7 Rxa6 58. Rxf2+ Kxf2 59. Kxa6 1/2-1/2